000 00622nam a2200253Ia 4500
003 OSt
005 20221007075709.0
006 a|||||r|||| 00| 0
007 ta
008 221006b |||||||| |||| 00| 0 eng d
024 _a43,196
037 _cTextual
040 _aFLL
_cFLL
_beng
041 _2eng
_aeng
082 _aZ2,94, Q2.1
100 _aLal Batuk
245 0 _aThe law of evidence
250 _a6th
260 _aNew Delhi
_bOrient Publishing Company India
_c2012
300 _ad.p.
_ccm.
490 _v1
942 _hZ2,94, Q2.1
_cTEXL
_2CC
999 _c1157051
_d1157051